Prognozowanie w zarzadzaniu firma materialy z konferencji naukowej ... . Jeleniów k/Kudowy Zdroju, 24-26 wrzesnia 1997

Na minha lista:
Detalhes bibliográficos
Outros Autores: Cieslak, Maria
Formato: Livro
Idioma:polonês
Publicado em: Wroclaw Wydawnictwo Akademii Ekonomicznej im. Oskara Langego we Wroclawiu 1997
Colecção:Materialy konferencyjne Prace naukowe nr. 780
Assuntos:
Tags: Adicionar Tag
Sem tags, seja o primeiro a adicionar uma tag!

MARC

LEADER 00000nam a2200000 4500
001 c103076
005 20221124073846.9
022 |a 0324-8445 
041 0 |a pol 
044 |a PL 
245 1 0 |a Prognozowanie w zarzadzaniu firma  |b materialy z konferencji naukowej ... . Jeleniów k/Kudowy Zdroju, 24-26 wrzesnia 1997  |c Redaktor naukowy: Maria Cieslak 
264 1 |a Wroclaw  |b Wydawnictwo Akademii Ekonomicznej im. Oskara Langego we Wroclawiu  |c 1997 
300 |a 257 s. 
490 1 |a Materialy konferencyjne  |v Prace naukowe nr. 780 
830 0 |a Materialy konferencyjne  |v Prace naukowe nr. 780 
610 2 0 |a firmy 
610 2 0 |a riadenie podnikové 
610 2 0 |a prognózovanie 
610 2 0 |a riziko 
610 2 0 |a trh 
610 2 0 |a úver bankový 
610 2 0 |a riziko bankové 
610 2 0 |a politika sociálna 
610 2 0 |a služby 
610 2 0 |a metódy prognostické 
610 2 0 |a segmentácia trhu 
610 2 0 |a metódy štatistické 
610 2 0 |a plánovanie 
610 2 0 |a modely regresné 
610 2 0 |a náklady 
610 2 0 |a analýza ekonometrická 
610 2 0 |a inflácia 
610 2 0 |a ceny 
610 2 0 |a obce 
610 2 0 |a ochrana zdravia 
610 2 0 |a prognózy podnikové 
700 1 |a Cieslak, Maria